Dinâmica defensiva da costa do Algarve do período islâmico ao século XVIII (Registo nº 650)

Detalhes MARC
000 -Etiqueta do registo
Cabeçalho 01184cam a2200361 4500
005 - Identificador da versão
Campo de controlo 20240813121808.0
010 ## - Número internacional normalizado dos livros (ISBN)
Número (ISBN) 9729570825
021 ## - Número do Depósito Legal
Código do país PT
Número 174222/01
035 ## - Other System Control Numbers
System Control Number 0000678
System Control Number 0000674
System Control Number 0000674
System Control Number 0000662
100 ## - Dados gerais de processamento
Dados gerais de processamento 20020702d2001 me y0pory5003 ba
102 ## - Pais de publicação ou produção
País de publicação Portugal
101 0# - Língua de publicação
Língua do texto, banda sonora, etc. Português
106 ## - Campo de dados codificados: material textual
Dados codificados do material textual r
105 ## - Campo de dados codificados: livros
Dados codificados dos livros a z 001yy
215 ## - Descrição física 
Indicação específica da natureza do documento e extensão da espécie 168 p.
Outras indicações físicas il.
Dimensões 30 cm
Material acompanhante 4 fol. soltas
200 1# - Titulo e menção de responsabilidade
Título próprio Dinâmica defensiva da costa do Algarve do período islâmico ao século XVIII
Primeira menção de responsabilidade coord. Valdemar Coutinho
225 2# - Colecção 
Título próprio da colecção Inventários e itinerários
210 ## - Publicação, Distribuição, etc. 
Lugar da edição, distribuição, etc. Portimão
Nome do editor, distribuidor, etc. Instituto de Cultura Ibero-Atlântica
Data da publicação, distribuição, etc. 2001
320 ## - Nota relativa a bibliografia e índices internos 
Texto da nota Bibliografia, p.164-168
606 ## - Nome comum usado como assunto
Número de registo de entrada de autoridade 0000845
Palavra de ordem Foritifcações
Subdivisão geográfica Algarve (Portugal)
Subdivisão cronológica Séc. 8-18
Subdivisão de assunto [Guias]
Número de registo de entrada de autoridade 0000846
Palavra de ordem Castelos
Subdivisão geográfica Algarve (Portugal)
Subdivisão cronológica Séc. 8-18
Subdivisão de assunto [Guias]
675 ## - Classificação Decimal Universal (CDU)
Notação 725.18(469.6)"07/17"(036)
Notação 728.8(469.6)"07/17"(036)
Notação 94(469.6)"07/17"(036)
607 ## - Nome geográfico usado como assunto
Número de registo de entrada de autoridade 0000847
Palavra de ordem Algarve (Portugal)
Subdivisão de assunto História
Subdivisão cronológica Séc. 8-18
Subdivisão de assunto [Guias]
702 #1 - Nome de autor-pessoa física (responsabilidade secundária)
Número de registo de entrada de autoridade 0000792
Palavra de ordem Coutinho
Outra parte do nome não tomada para palavra de ordem Valdemar
Código de função Editor literário / Coordenador
942 ## - Elementos de entrada adicionados (Koha)
Tipo de item no Koha Livro
Exemplares
Situação do levantamento Origin of item (home branch) (coded) Biblioteca de empréstimo Código de barras Cota Circulation type (not for loan) Tipo de documento Nota do exemplar Damaged status
  Biblioteca Escolar Eng. Nuno Mergulhão Biblioteca Escolar Eng. Nuno Mergulhão BENM329 9PT COU   Livro Sem mensagem  
  Biblioteca Escolar Eng. Nuno Mergulhão Biblioteca Escolar Eng. Nuno Mergulhão BENM330 9PT COU   Livro Sem mensagem